From conciliation to conquest (Record no. 61613)
[ view plain ]
| 000 -LEADER | |
|---|---|
| fixed length control field | 02007nam a2200433 a 4500 |
| 082 04 - DEWEY DECIMAL CLASSIFICATION NUMBER | |
| Classification number | 973.7/3092 |
| -- | B |
| 100 1# - MAIN ENTRY--AUTHOR NAME | |
| Personal name | Bradley, George C., |
| 245 10 - TITLE STATEMENT | |
| Title | From conciliation to conquest |
| 260 ## - PUBLICATION, DISTRIBUTION, ETC. (IMPRINT) | |
| Place of publication | Tuscaloosa : |
| Name of publisher | University of Alabama Press, |
| Year of publication | c2006. |
| 300 ## - PHYSICAL DESCRIPTION | |
| Number of Pages | x, 297 p. : |
| Other physical details | ill., maps. |
| 650 #0 - SUBJECT ADDED ENTRY--TOPICAL TERM | |
| Topical Term | Soldiers |
| Topical Term | Trials (Military offenses) |
| Topical Term | Pillage |
| Topical Term | Civil-military relations |
| 700 1# - ADDED ENTRY--PERSONAL NAME | |
| Personal name | Dahlen, Richard L., |
| 856 40 - ELECTRONIC LOCATION AND ACCESS | |
| Uniform Resource Identifier | http://site.ebrary.com/lib/rucke/Doc?id=10309044 |
No items available.
